| 000 | 00425nam a2200157Ia 4500 | ||
|---|---|---|---|
| 999 |
_c6945 _d6945 |
||
| 003 | GBCCL | ||
| 005 | 20241126110615.0 | ||
| 008 | 180704b ||||| |||| 00| 0 eng d | ||
| 040 | _cGBC | ||
| 082 |
_aVER 229 _bAPO |
||
| 245 |
_aApokrifa: _bDeutero-canonical Bute an tih bawk chu |
||
| 260 |
_c1989. _aAizawl: _bSynod Publication Board, |
||
| 300 |
_a323 _c18cm |
||
| 650 |
_aBible _vApocrypha _912373 |
||
| 942 |
_e1st Ed. _2ddc _cREF |
||